|
|
|
|
| LEADER |
00664nam a2200205Ia 4500 |
| 001 |
CTU_86943 |
| 008 |
210402s9999 xx 000 0 und d |
| 082 |
|
|
|a 303.483
|
| 082 |
|
|
|b W911
|
| 100 |
|
|
|a Woodward, Kathleen
|
| 245 |
|
4 |
|a The myths of information :
|
| 245 |
|
0 |
|b Technology and postindustrial culture
|
| 245 |
|
0 |
|c Kathleen Woodward
|
| 260 |
|
|
|a Wisconsin
|
| 260 |
|
|
|b Coda Press
|
| 260 |
|
|
|c 1980
|
| 650 |
|
|
|a Technology and civilization,Information theory,Mass media
|
| 650 |
|
|
|x Addresses, essays, lectures,Addresses, essays, lectures,Addresses, essays, lectures
|
| 904 |
|
|
|i Truc
|
| 980 |
|
|
|a Trung tâm Học liệu Trường Đại học Cần Thơ
|